[Event "PER-ch"]
[Site "Lima"]
[Date "2017.03.03"]
[Round "5"]
[White "Cutimbo Chavez, Jose Luis"]
[Black "Travezano Patino, Eduard Gedeon"]
[Result "1-0"]
[WhiteElo "1874"]
[BlackElo "1346"]
[PlyCount "101"]
[EventDate "2017.03.01"]
[EventType "swiss"]
[EventRounds "9"]
[EventCountry "PER"]
[SourceTitle "CBM 177 Extra"]
[Source "ChessBase"]
[SourceDate "2017.04.27"]
[SourceVersion "1"]
[SourceVersionDate "2017.04.27"]
[SourceQuality "1"]

1. e4 c5 2. Nf3 Nc6 3. Bb5 g6 4. 0-0 Bg7 5. c3 Nf6 6. e5 Nd5 7. d4 cxd4 8. cxd4 0-0 9. Bc4 Nb6 10. Bb3 d6 11. e6 Bxe6 12. Bxe6 fxe6 13. Nc3 Qd7 14. Re1 Kh8 15. Be3 Rac8 16. b3 Nb4 17. Rc1 N4d5 18. Nxd5 Nxd5 19. Bd2 Rxc1 20. Qxc1 Rc8 21. Qb1 Bf6 22. Qe4 Nc3 23. Qg4 Nxa2 24. d5 Rc5 25. dxe6 Qc8 26. Bg5 Bxg5 27. Nxg5 Rc1 28. Nf7+ Kg8 29. Nh6+ Kg7 30. Qd4+ Kxh6 31. Qh4+ Kg7 32. Qxe7+ Kh6 33. Rf1 Rxf1+ 34. Kxf1 Qc1+ 35. Ke2 Qc2+ 36. Kf3 Qd3+ 37. Kg4 Qf5+ 38. Kg3 Qd3+ 39. f3 Qf5 40. f4 Qd3+ 41. Kh4 Qf5 42. Kg3 Qd3+ 43. Kf2 Qd2+ 44. Kg3 Qe3+ 45. Kg4 Qe2+ 46. Kh3 Qe3+ 47. g3 Qe4 48. Qg5+ Kg7 49. Qe7+ Kh6 50. Qf8+ Kh5 51. g4# 1-0